[Event "EuTCh"]
[Site "Plovdiv BUL"]
[Date "2003.10.13"]
[Round "3"]
[White "Vouldis,A"]
[Black "Kurajica,B"]
[Result "0-1"]
[WhiteElo "2528"]
[BlackElo "2557"]

1.e4 d5 2.exd5 Qxd5 3.Nc3 Qd6 4.d4 Nf6 5.Nf3 a6 6.g3 g6 7.Bg2 Bg7 8.O-O O-O
9.Bf4 Qd8 10.Qd2 Nbd7 11.Bh6 Nb6 12.Bxg7 Kxg7 13.Rfe1 c6 14.Ne4 Nc4 15.Qe2 Nd6
16.Nxf6 exf6 17.b3 Bg4 18.Qd2 Bxf3 19.Bxf3 Qb6 20.h4 h5 21.c3 Rfe8 22.Kg2 a5
23.Qc2 Qc7 24.Rad1 Qb6 25.Qd2 Rad8 26.Qf4 Rxe1 27.Rxe1 Qc7 28.Qd2 Rd7 29.Qb2 c5
30.dxc5 Qxc5 31.Re3 Nb5 32.c4 Nd4 33.Be4  0-1

[Event "EuTCh w"]
[Site "Plovdiv BUL"]
[Date "2003.10.14"]
[Round "4"]
[White "Llaneza Vega,P"]
[Black "Koskoska,G"]
[Result "0-1"]
[WhiteElo "2190"]
[BlackElo "2240"]

1.e4 d5 2.exd5 Qxd5 3.Nc3 Qd8 4.d4 c6 5.Bc4 Bf5 6.Nge2 e6 7.Ng3 Bg6 8.h4 h6
9.h5 Bh7 10.Bf4 Nf6 11.Qd2 Nbd7 12.O-O-O Nb6 13.Bd3 Bxd3 14.Qxd3 Bd6 15.Bxd6 Qxd6
16.Kb1 O-O-O 17.Nge2 Nbd5 18.Ne4 Nxe4 19.Qxe4 Nf6 20.Qf3 Qd5 21.Qa3 a6 22.f3 Qc4
23.Qe3 Rd5 24.b3 Qb4 25.c4 Rd7 26.Nf4 Rhd8 27.Kb2 Qa5 28.g4 Qg5 29.Kc2 Qa5
30.Kb2 c5 31.Ne2 cxd4 32.Rxd4 Rxd4 33.Nxd4 e5 34.Nc2 e4 35.Qf4 Qg5 36.Qxg5 hxg5
37.fxe4 Re8 38.h6 gxh6 39.Rxh6 Nxg4 40.Rh7 f6 41.Nd4 Nf2 42.Nf5 Nxe4 43.Rg7 Re5
44.Nd4 f5 45.Nf3 Re6 46.Nxg5 Nxg5 47.Rxg5 Rf6 48.Rg3 f4 49.Rf3 Kd7 50.Kc3 Ke6
51.Kd3 Kf5 52.Ke2 Rh6 53.Kf1 Ke4 54.Rc3 f3 55.c5 Kf4 56.Kg1 Kg3 57.b4 Rh4
58.a3 Rd4 59.Rc1 Rd3 60.Ra1 Rb3 61.Kf1 Rb2  0-1

[Event "EuTCh w"]
[Site "Plovdiv BUL"]
[Date "2003.10.15"]
[Round "5"]
[White "Hagarova,Z"]
[Black "Lematschko,T"]
[Result "1-0"]
[WhiteElo "2352"]
[BlackElo "2292"]

1.e4 d5 2.exd5 Qxd5 3.Nc3 Qd6 4.Nf3 c6 5.Bc4 Nf6 6.d3 Bf5 7.Qe2 e6 8.h3 h6
9.Ne4 Qd8 10.Nxf6+ Qxf6 11.d4 Qd8 12.g4 Bh7 13.Ne5 Qe7 14.Bf4 g5 15.Bg3 Bg7
16.O-O-O O-O 17.h4 Nd7 18.Nxd7 Qxd7 19.hxg5 hxg5 20.Qe3 Qe7 21.Rh5 Bg6 22.Rxg5 Rfe8
23.Be5 Qf8 24.Bd3 Bxe5 25.Rxe5 Bxd3 26.Rxd3 f6 27.Rxe6 Qf7 28.Rxe8+ Rxe8
29.Qh6 Re2 30.Rh3 Qg7 31.Qf4 Qg5 32.Qxg5+ fxg5 33.Rh5 Rxf2 34.Rxg5+ Kh7 35.Rf5 Rg2
36.Rf7+ Kg6 37.Rxb7 Rxg4 38.Rxa7 Rxd4 39.Rc7 Rc4 40.b3 Rc5 41.c4 Kf6 42.Kb2 Ke6
43.Kc3 Kd6 44.Rh7 Rg5 45.Kb4 Rg8 46.c5+ Ke5 47.Re7+ Kd5 48.Rd7+ Ke5 49.Rd6 Rb8+
50.Kc4 Rc8 51.a4 Rc7 52.a5 Ke4 53.a6 Ke5 54.a7 Rxa7 55.Rxc6 Ra8 56.Rd6 Ra5
57.b4 Ra8 58.Rd1 Ke6 59.c6 Ra2 60.Kc5  1-0

[Event "EuTCh w"]
[Site "Plovdiv BUL"]
[Date "2003.10.20"]
[Round "9"]
[White "Krivec,J"]
[Black "Koskoska,G"]
[Result "0-1"]
[WhiteElo "2313"]
[BlackElo "2240"]

1.e4 d5 2.exd5 Qxd5 3.Nc3 Qd8 4.d4 c6 5.Ne4 Bf5 6.Ng3 Bg6 7.Bc4 e6 8.N1e2 Bd6
9.Nf4 Bxf4 10.Bxf4 Nf6 11.c3 Nbd7 12.O-O Nb6 13.Bd3 Bxd3 14.Qxd3 O-O 15.c4 Nbd7
16.Rad1 Qa5 17.b3 b5 18.Rfe1 bxc4 19.bxc4 Qa6 20.Re2 Rac8 21.Rc2 Rfd8 22.h3 Qa5
23.Ne4 Nxe4 24.Qxe4 Nf6 25.Qe2 Qf5 26.Be5 Nd7 27.Bg3 Nf6 28.Be5 Nd7 29.g4 Qg5
30.Bg3 Nf6 31.Rcd2 Rd7 32.Kh2 Rcd8 33.d5 cxd5 34.f4 Qg6 35.cxd5 Qe4 36.Qb5 Rxd5
37.Rxd5 exd5 38.Re1 Qc4 39.Qa5 Rc8 40.Qxa7 Ne4 41.Qa3 h5 42.gxh5 Qc2+ 43.Kh1 Rc3
44.Qa8+ Kh7  0-1

[Event "Classics II GM"]
[Site "Gausdal NOR"]
[Date "2003.10.21"]
[Round "1"]
[White "Berg,E"]
[Black "Gausel,E"]
[Result "1/2-1/2"]
[WhiteElo "2489"]
[BlackElo "2525"]

1.e4 d5 2.exd5 Qxd5 3.Nc3 Qd6 4.d4 c6 5.Nge2 Bf5 6.Ng3 Bg6 7.h4 h6 8.h5 Bh7
9.Bd3 Bxd3 10.Qxd3 Nf6 11.Nce4 Qc7 12.Nxf6+ gxf6 13.Qf5 Nd7 14.Bf4 Qb6 15.O-O-O e6
16.Qh3 O-O-O 17.Ne4 Qa5 18.Kb1 Qd5 19.Nc3 Qa5 20.Ne4 Qd5 21.Nc3 Qa5 22.Ne4  1/2-1/2

[Event "WYb16"]
[Site "Halkidiki GRE"]
[Date "2003.10.23"]
[Round "1"]
[White "Valeanu,E"]
[Black "Lysyj,I"]
[Result "0-1"]
[WhiteElo "2211"]
[BlackElo "2470"]

1.e4 d5 2.exd5 Qxd5 3.Nc3 Qd6 4.d4 Nf6 5.Bd3 Nc6 6.Nge2 Nb4 7.Bf4 Qd8 8.Qd2 c6
9.O-O Bg4 10.Ne4 Nfd5 11.Be5 Nxd3 12.Qxd3 e6 13.f3 Bf5 14.c4 Nb6 15.Rfd1 f6
16.Bg3 Be7 17.Qb3 Qd7 18.a4 Qc8 19.Nd6+ Bxd6 20.Bxd6 Kf7 21.a5 Nd7 22.d5 exd5
23.Nd4 Bg6 24.cxd5 c5 25.Ne6 b6 26.Nc7 Rb8 27.Qe3 Kg8 28.Nb5 Qe8 29.Qf4 Rd8
30.Re1 Ne5 31.Nc7 Qd7 32.Bxe5 fxe5 33.Qxe5 h6 34.axb6 axb6 35.Ra7 Re8 36.Nxe8 Qxa7
37.Nc7 Kh7 38.d6 Qa4 39.Qc3 Rg8 40.Nd5 Bf7 41.Ne7 Re8 42.Qd3+ Kh8 43.Qe4 Qd7
44.Rd1 Rd8 45.Qc6 Qe6 46.Qxb6 Qe3+ 47.Kh1 Qxe7 48.Qxc5 Qe2 49.Qd4 Bb3 50.Rc1 Qe6
51.Qb4 Rxd6 52.Re1 Qxe1+ 53.Qxe1 Rd1 54.Qxd1 Bxd1 55.Kg1 Kg8 56.Kf2 Bb3 57.Ke3 Kf7
58.g4 Kf6 59.h4 Ke5 60.f4+ Kd5 61.Kf3 Bd1+ 62.Kg3 Ke4 63.h5 Bb3 64.g5 Kf5
65.gxh6 gxh6 66.Kf3 Bd1+ 67.Kg3 Ke4 68.b4 Be2 69.Kf2 Bb5 70.Kg3 Bd7 71.b5 Bxb5
72.Kg4 Be2+  0-1

[Event "300 Years"]
[Site "St Petersburg RUS"]
[Date "2003.10.24"]
[Round "7"]
[White "Bryzgalin,K"]
[Black "Voitsekhovsky,S"]
[Result "1/2-1/2"]
[WhiteElo "2435"]
[BlackElo "2503"]

1.e4 d5 2.exd5 Qxd5 3.Nc3 Qd6 4.d4 Nf6 5.Be3 a6 6.Be2 Nc6 7.Qd2 Bf5 8.Nf3 e6
9.O-O Be7 10.Rfd1 Rd8 11.a3 O-O 12.h3 Ne4 13.Nxe4 Bxe4 14.Qc1 Bf6 15.c3 Ne7
16.Nd2 Bd5 17.Bf3 Qc6 18.Re1 Ng6 19.Bxd5 exd5 20.Qc2 Rde8 21.Nf3 Re4 22.Bd2 Rfe8
23.Qd3 Bd8 24.b3 Qd7 25.Kf1 c6 26.Ng1 Qf5 27.Rad1 h6 28.Re2 Nh4 29.Be3 Qg6
30.g3 Nf5 31.Bf4 Qe6 32.Rde1 g5 33.Bc1 Bc7 34.Kg2 Qg6 35.Qd1 R8e6 36.Rxe4 dxe4
37.d5 Rd6 38.c4 cxd5 39.cxd5 Ne7 40.Qc2 Nxd5 41.Qxe4 Qxe4+ 42.Rxe4 Rc6 43.Bb2 Bb6
44.Re2 f6 45.Rd2 Rd6 46.Kf3 Kf7 47.Ne2 Ke6 48.Nc3 f5 49.g4 fxg4+ 50.hxg4 Nf6
51.Rxd6+ Kxd6 52.Ne4+ Nxe4 53.Kxe4 Bxf2 54.Bg7 Ke6 55.Bxh6 Bc5  1/2-1/2

[Event "WYb14"]
[Site "Halkidiki GRE"]
[Date "2003.10.27"]
[Round "5"]
[White "Nepomniachtchi,I"]
[Black "Goh Koon Jong,J"]
[Result "0-1"]
[WhiteElo "2447"]
[BlackElo "2314"]

1.e4 d5 2.exd5 Qxd5 3.Nc3 Qd6 4.d4 Nf6 5.Nf3 a6 6.Be3 Nc6 7.Qd2 Bf5 8.Bc4 e6
9.O-O Be7 10.Rad1 O-O 11.Bf4 Qd7 12.Ne5 Nxe5 13.dxe5 Qxd2 14.Rxd2 Ne4 15.Rd7 Bd8
16.Ne2 Nc5 17.Rd2 Be7 18.Nd4 Bg6 19.f3 Rfd8 20.c3 Na4 21.Bb3 Nb6 22.Nc2 c5
23.Rxd8+ Rxd8 24.Ne3 Bd3 25.Rd1 c4 26.Bc2 Bc5 27.b4 Be7 28.Kf2 g5 29.Bg3 Bxc2
30.Rxd8+ Bxd8 31.Nxc2 Nd5 32.Na3 Nxc3 33.Nxc4 Nxa2 34.b5 axb5 35.Nd6 b4 36.Ke2 b3
37.Kd3 Ba5 38.Nc4 Nc1+ 39.Ke4 Bc3 40.Bf2 b2 41.Na3 Nb3 42.Be3 Nd2+ 43.Bxd2 Bxd2
44.Nb1 Bc1 45.g3 Kf8 46.Nc3 Ke7 47.Nb1 Kd7 48.Kd4 Kc6 49.Na3 b6 50.Nb1 Kb5
51.Kd3 Kb4 52.Kc2 Kc4 53.Nc3 Kd4 54.Ne4 Kxe5 55.Nf2 f5 56.h3 Kd4 57.Nd1 h5
58.g4 hxg4 59.hxg4 fxg4 60.fxg4 Ke4 61.Kb1 Kf3  0-1

[Event "WYb16"]
[Site "Halkidiki GRE"]
[Date "2003.10.27"]
[Round "5"]
[White "Ponkratov,P"]
[Black "Lysyj,I"]
[Result "0-1"]
[WhiteElo "2360"]
[BlackElo "2470"]

1.e4 d5 2.exd5 Qxd5 3.Nc3 Qd6 4.d4 Nf6 5.Nf3 a6 6.Be3 Nc6 7.Bd3 Bg4 8.O-O e6
9.h3 Bh5 10.Qe2 Be7 11.Ne4 Nxe4 12.Bxe4 O-O 13.c3 f5 14.Bc2 e5 15.Qc4+ Bf7
16.dxe5 Bxc4 17.exd6 Bxd6 18.Rfe1 Rae8 19.Bd2 Bd5 20.Bb3 Bxb3 21.axb3 h6
22.c4 Re4 23.Bc3 Rfe8 24.Rxe4 Rxe4 25.Rd1 Kf7 26.Kf1 g6 27.Ne1 b5 28.f3 Re6
29.Nc2 b4 30.Be1 a5 31.Bd2 Be5 32.Bc1 g5 33.f4 gxf4 34.Rd7+ Ke8 35.Rd5 Rd6
36.Rxd6 cxd6 37.Ke2 Nd8 38.c5 dxc5 39.Kd3 Kd7 40.Ne1 Kc6 41.Nf3 Nf7 42.Nh4 Nd6
43.Ng6 Bf6 44.Bxf4 Nf7 45.g4 fxg4 46.hxg4 Kd5 47.Bc1 Bg5 48.Bf4 Bxf4 49.Nxf4+ Ke5
50.Ng6+ Kf6 51.Nf8 Ke7 52.Ng6+ Kf6 53.Nf8 Ne5+ 54.Ke4 c4 55.g5+ hxg5 56.Nh7+ Kg6
57.Nf8+ Kg7 58.Ne6+ Kf6 59.Nd4 cxb3 60.Nxb3 a4 61.Nc1 Nc4 62.Nd3 b3 63.Kd4 Nxb2  0-1

[Event "WYb18"]
[Site "Halkidiki GRE"]
[Date "2003.10.28"]
[Round "6"]
[White "Ibarra Jerez,JC"]
[Black "Trent,L"]
[Result "1-0"]
[WhiteElo "2413"]
[BlackElo "2326"]

1.e4 d5 2.exd5 Qxd5 3.Nc3 Qd6 4.d4 Nf6 5.g3 Bg4 6.Nf3 a6 7.Bg2 Nc6 8.O-O O-O-O
9.d5 Nb4 10.Bf4 Qc5 11.Be3 Qd6 12.h3 Bh5 13.Bf4 Qc5 14.Be3 Qd6 15.Qe2 Nbxd5
16.Nxd5 Nxd5 17.Rad1 Qf6 18.Bd4 Qe6 19.Qxe6+ fxe6 20.Be5 Bxf3 21.Bxf3 c6
22.Bg4 Nc7 23.Rxd8+ Kxd8 24.Rd1+ Kc8 25.Bh5 b5 26.g4 Nd5 27.Bf7 h5 28.Bxe6+ Kb7
29.g5 h4 30.Rd3 Rh7 31.f4 Kb6 32.Kf2 Nc7 33.Bf5 Rh8 34.Rd7 Ne8 35.Be6 a5
36.Ke3 Nd6 37.f5 a4 38.b4 axb3 39.axb3 b4 40.Kf4 Kc5 41.Kg4 Rh7 42.Rd8 Rh8
43.f6 gxf6 44.gxf6 Bg7 45.fxg7 Rxd8 46.g8=Q Rxg8+ 47.Bxg8  1-0

[Event "WYb18"]
[Site "Halkidiki GRE"]
[Date "2003.10.29"]
[Round "7"]
[White "Polivanov,A"]
[Black "Kurnosov,I"]
[Result "0-1"]
[WhiteElo "2393"]
[BlackElo "2527"]

1.e4 d5 2.exd5 Qxd5 3.Nc3 Qd6 4.d4 Nf6 5.Nf3 a6 6.Bc4 Nc6 7.h3 b5 8.Bb3 Na5
9.Qe2 Bb7 10.Bg5 e6 11.Bxf6 gxf6 12.O-O-O O-O-O 13.Kb1 Nxb3 14.axb3 Rg8 15.Ne4 Qf4
16.Ng3 Be7 17.Rhe1 Rd7 18.Rd3 Rgd8 19.Red1 Bd6 20.Qe1 f5 21.Ne2 Qh6 22.Nc3 Qg7
23.Ne5 Bxe5 24.Qxe5 Qxe5 25.dxe5 Bxg2 26.Rxd7 Rxd7 27.Rg1 Bxh3 28.Rh1 Bg2
29.Rh2 Bc6 30.Rxh7 Rd2 31.f4 Rf2 32.Rxf7 Rxf4 33.Rf6 Rf1+ 34.Ka2 Bd7 35.Ne4 Kb7
36.Nc5+ Kc6 37.b4 f4 38.Rf7 Be8 39.Rf8 Bh5 40.Nxe6 f3 41.Ng7 Bg4 42.e6 Kd6
43.Rd8+ Ke7 44.Rd7+ Kf6 45.Rf7+ Kg6 46.Rxc7 f2 47.e7 Re1  0-1

[Event "WYb16"]
[Site "Halkidiki GRE"]
[Date "2003.10.30"]
[Round "8"]
[White "Kuderinov"]
[Black "Gorovets,A"]
[Result "0-1"]
[WhiteElo "2304"]
[BlackElo "2356"]

1.e4 d5 2.exd5 Qxd5 3.Nc3 Qd6 4.d4 Nf6 5.Nf3 a6 6.Be2 Nbd7 7.O-O e6 8.Bg5 Be7
9.Qd2 b5 10.Bf4 Qb6 11.d5 exd5 12.Nxd5 Nxd5 13.Qxd5 Bb7 14.Qf5 Nc5 15.Be3 Qg6
16.Qe5 f6 17.Qxc7 Rc8 18.Qb6 Qe4 19.Bd3 Nxd3 20.cxd3 Qd5 21.Qd4 Kf7 22.Rfc1 Rxc1+
23.Rxc1 Qxa2 24.Qd7 Bxf3 25.gxf3 Rd8 26.Qb7 Qd5 27.Qxa6 Qxd3 28.Qb7 Rd5 29.Qc6 Qg6+
30.Kh1 Qf5 31.Kg2 Bd6 32.Qb7+ Kg6 33.Rg1 Kh5 34.Qxg7 Qg6+ 35.Kh3 Qxg7 36.Rxg7 Be5
37.b3 Rd3 38.f4 Bxf4 39.Rxh7+ Kg6 40.Re7 Rxb3 41.Kg4 Bxh2 42.Re6 Be5 43.Rb6 b4
44.f4 Bc3 45.Bc5 Rb1 46.f5+ Kf7 47.Kf3 b3 48.Re6 Re1 49.Rxe1 Bxe1 50.Bd4 Bb4
51.Ke4 Bd6 52.Kd3 Be5 53.Bxe5 fxe5 54.Kc3 Kf6 55.Kxb3 Kxf5 56.Kc3 Ke4 57.Kd2 Kf3
58.Ke1 Ke3  0-1

[Event "Autumn"]
[Site "Venice ITA"]
[Date "2003.10.30"]
[Round "1"]
[White "Rigo,G"]
[Black "Boricsev,O"]
[Result "0-1"]
[WhiteElo "2059"]
[BlackElo "2342"]

1.e4 d5 2.exd5 Qxd5 3.Nc3 Qd6 4.d4 Nf6 5.Bc4 a6 6.Bb3 Nc6 7.Nge2 e5 8.d5 Na5
9.Bg5 Be7 10.Ng3 O-O 11.Nge4 Nxe4 12.Nxe4 Qb4+ 13.Kf1 Bxg5 14.Nxg5 h6 15.Nf3 Bg4
16.h3 Nxb3 17.axb3 Bxf3 18.Qxf3 Qd4 19.Qd1 Qc5 20.h4 Qe7 21.Rh3 Rad8 22.c4 c6
23.Ra5 b6 24.Rxa6 Qb7 25.Qa1 cxd5 26.Ra7 Qc6 27.Re3 dxc4 28.Rxe5 cxb3 29.Kg1 Qc2
30.Re1 Rd2 31.Ra8 Rdd8 32.Ra6 b5 33.Ra5 Qc4 34.Qa3 b4 35.Qa4 Qxh4 36.Qxb3 Rd2
37.Rf5 g6 38.Rf3 Qd4 39.Rb1 h5 40.Kf1 h4 41.Qe3 Qxe3 42.Rxe3 Rc8 43.Re2 Rcc2
44.Rxd2 Rxd2 45.b3 Kg7 46.Re1 Rd3 47.Re4 Rxb3 48.Rxh4 Rb2 49.Rf4 f5 50.g4 Kf6
51.gxf5 gxf5 52.Rc4 Ke5 53.Ke1 Kd5 54.Rf4 Ke5 55.Rc4 f4 56.f3 b3 57.Re4+ Kd5
58.Rxf4 Rh2 59.Kd1 Rh1+ 60.Kd2 b2  0-1

[Event "WYb16"]
[Site "Halkidiki GRE"]
[Date "2003.10.31"]
[Round "9"]
[White "Gorovets,A"]
[Black "Lysyj,I"]
[Result "0-1"]
[WhiteElo "2356"]
[BlackElo "2470"]

1.e4 d5 2.exd5 Qxd5 3.Nc3 Qd6 4.d4 Nf6 5.Nf3 a6 6.g3 b5 7.Bg2 Bb7 8.O-O e6
9.a4 b4 10.Bf4 Qd8 11.Ne2 Nbd7 12.Be5 Be7 13.Nf4 O-O 14.Re1 c5 15.Qe2 Nd5
16.Nxd5 Bxd5 17.b3 Qb6 18.dxc5 Qxc5 19.Bd4 Qc7 20.Ne5 Bxg2 21.Kxg2 Nf6 22.Rad1 Nd5
23.Ng4 Rac8 24.Qxa6 Qxc2 25.Qd3 Qc6 26.Qf3 f6 27.Ne3 Nc3 28.Qxc6 Rxc6 29.Rc1 Rfc8
30.a5 e5 31.Bb6 Bc5 32.Bxc5 Rxc5 33.Nc4 Ra8 34.Ra1 Ra6 35.Re3 Rd5 36.h4 h5
37.Kf1 Kf7 38.f3 Ke7 39.Rc1 Kd8 40.g4 hxg4 41.fxg4 Rd4 42.Rg3 Ke7 43.Re1 Ke6
44.Kg2 Ne4 45.Rge3 Nc5 46.Rxe5+ fxe5 47.Rxe5+ Kf6 48.g5+ Kg6 49.Rxc5 Rxh4
50.Rb5 Kh5 51.g6+ Kh6 52.Rb6 Rg4+ 53.Kf3 Rxg6 54.Rxb4 Rae6 55.Ne3 Rg5 56.Rh4+ Kg6
57.b4 Rb5 58.Rd4 Rh5 59.Nd5 Kh7 60.Nf4 Rf6 61.a6 Rh3+ 62.Kg4 Ra3 63.b5 Rb6
64.Rd5 Ra5 65.Nh3 Raxb5 66.Ng5+ Kg6 67.a7 Rb4+ 68.Kg3 Ra4 69.Nh3 Rb3+ 70.Kg2 Ra2+
71.Nf2 Rxa7 72.Rd2 Rba3 73.Rd6+ Kf5 74.Rd5+ Ke6 75.Rg5 Ra2 76.Kg1 Rb7 77.Rg3 Rbb2
78.Rf3 Rxf2  0-1

[Event "WYg16"]
[Site "Halkidiki GRE"]
[Date "2003.11.01"]
[Round "10"]
[White "Cochet,C"]
[Black "Pobelyanskaia,M"]
[Result "1-0"]
[WhiteElo "2050"]
[BlackElo "2123"]

1.e4 d5 2.exd5 Qxd5 3.Nc3 Qd8 4.d4 Nf6 5.Bc4 c6 6.Nf3 b5 7.Bb3 e6 8.O-O a5
9.a4 b4 10.Nb1 Be7 11.Bf4 Ba6 12.Re1 O-O 13.Nbd2 c5 14.Nc4 Nd5 15.Bg3 Nd7
16.Nxa5 Rc8 17.Nc4 cxd4 18.Qxd4 Bf6 19.Nce5 N7b6 20.Bh4 Bxh4 21.Qxh4 f6 22.Nd3 Qd6
23.Nd4 Rfe8 24.Qg4 f5 25.Qh4 g6 26.Qg5 Kh8 27.Ne5 Qe7 28.Qxe7 Rxe7 29.a5 Nc4
30.Nxc4 Bxc4 31.Bxc4 Rxc4 32.Nxe6 Rxc2 33.g3 Kg8 34.a6 Rc8 35.Nd4 Ra8 36.Rxe7 Nxe7
37.Kf1 Kf7 38.Ke2 Kf6 39.f4 Nd5 40.Kd3 Nb6 41.a7 Nc8 42.Ra6+ Ke7 43.Kc4 Kd7
44.Nb5 Ne7 45.Kxb4 Nc6+ 46.Kc5 Ne7 47.Kb6 Nd5+ 48.Kb7 Nb4 49.Rd6+  1-0

[Event "WYb14"]
[Site "Halkidiki GRE"]
[Date "2003.11.01"]
[Round "10"]
[White "Vachier Lagrave,M"]
[Black "Goh Koon Jong,J"]
[Result "1-0"]
[WhiteElo "2412"]
[BlackElo "2314"]

1.e4 d5 2.exd5 Qxd5 3.Nc3 Qd6 4.d4 Nf6 5.Nf3 a6 6.g3 Bg4 7.Bg2 Nc6 8.Bf4 Qd7
9.h3 Bxf3 10.Qxf3 Qxd4 11.Bxc7 Rc8 12.Rd1 Qc4 13.Bb6 e6 14.a3 e5 15.Qf5 Qe6
16.Qxe6+ fxe6 17.O-O Kf7 18.Rfe1 Be7 19.Na4 Nb8 20.Bxb7 Rxc2 21.Rc1 Rxc1
22.Rxc1 Nbd7 23.Bc7 h6 24.Bxa6 Ra8 25.Bb5 Rc8 26.Rc4 e4 27.Nc3 e3 28.Bf4 exf2+
29.Kxf2 Ra8 30.Rc7 Nb6 31.Rc6 Nbd5 32.Nxd5 Nxd5 33.Be5 Ra7 34.Bc4 Rb7 35.Ke2 Bf6
36.Bxf6 gxf6 37.b4 Nc7 38.a4 Ke7 39.b5 Kd7 40.Kd3 Rb8 41.g4 h5 42.Rc5 hxg4
43.hxg4 Kd6 44.Rh5 Ra8 45.b6 Nd5 46.Bxd5 exd5 47.b7 Rb8 48.Rh7 Kc5 49.a5 Kc6
50.Kd4 Rg8 51.a6 Kb6 52.b8=Q+ Rxb8 53.Rb7+ Rxb7 54.axb7 Kxb7 55.Kxd5 Kc7
56.Ke6 Kd8 57.Kxf6 Ke8 58.g5 Kf8 59.g6 Kg8 60.g7 Kh7 61.Kf7  1-0

[Event "FSIM November"]
[Site "Budapest HUN"]
[Date "2003.11.03"]
[Round "3"]
[White "Meszaros,T"]
[Black "Werner,Di"]
[Result "0-1"]
[WhiteElo "2321"]
[BlackElo "2342"]

1.e4 d5 2.exd5 Qxd5 3.Nc3 Qd6 4.d4 Nf6 5.Nf3 a6 6.Bc4 e6 7.O-O b5 8.Bd3 Bb7
9.Qe2 Be7 10.Bg5 Nbd7 11.Rad1 O-O 12.Rfe1 h6 13.Be3 b4 14.Nb1 Ng4 15.Nbd2 Ndf6
16.h3 Nxe3 17.fxe3 c5 18.c3 a5 19.e4 Qf4 20.Ne5 cxd4 21.cxd4 Bc5 22.Nef3 Ba7
23.Bb1 e5 24.Kh1 exd4 25.Qb5 Rfb8 26.Qd3 Nh5 27.e5 Ng3+ 28.Kg1 Ba6 29.Qh7+ Kf8
30.Bd3 Bxd3 31.Qxd3 Rc8 32.Ne4 Rc2 33.Nxg3 Qxg3 34.Rd2 Rxd2 35.Qxd2 d3+ 36.Kh1 Rd8
37.Rf1 Kg8 38.a3 Bc5 39.axb4 Bxb4 40.Qd1 Qf4 41.Qb3 Qe4 42.Nh2 Rd5 43.Nf3 d2
44.Rd1 Rd3 45.Qc2 Qe2 46.e6 fxe6 47.Ne5 Rd8 48.Nc6 Rf8 49.Nxb4 Rf1+  0-1

[Event "ch-UKR"]
[Site "Simferopol UKR"]
[Date "2003.11.06"]
[Round "3"]
[White "Savvopulo,A"]
[Black "Kuchin,P"]
[Result "1-0"]
[WhiteElo "2202"]
[BlackElo "2067"]

1.e4 d5 2.exd5 Qxd5 3.Nc3 Qd6 4.d4 Nf6 5.Nf3 a6 6.h3 Nc6 7.Be3 Bf5 8.Bc4 Nb4
9.Bb3 e6 10.O-O Be7 11.a3 Nbd5 12.Nxd5 Nxd5 13.Bd2 O-O 14.Re1 a5 15.c3 c6
16.Bc2 Bxc2 17.Qxc2 Bf6 18.Qe4 Ne7 19.g4 g6 20.Rad1 Qd5 21.Qf4 Bg7 22.Bc1 Rad8
23.Qg3 c5 24.Bg5 f6 25.Be3 c4 26.Bf4 g5 27.Be3 Ng6 28.h4 h6 29.h5 Ne7 30.Nd2 Rd7
31.f4 Nc6 32.Qg2 a4 33.Ne4 b6 34.Bc1 f5 35.Nf2 Qd6 36.fxg5 hxg5 37.Bxg5 Bh8
38.h6 f4 39.Qe4  1-0

[Event "ch-UKR"]
[Site "Simferopol UKR"]
[Date "2003.11.07"]
[Round "4"]
[White "Zinchenko,Y"]
[Black "Sergeev,Vl"]
[Result "0-1"]
[WhiteElo "2310"]
[BlackElo "2447"]

1.e4 d5 2.exd5 Qxd5 3.Nc3 Qd6 4.d4 Nf6 5.Nf3 a6 6.Be3 b5 7.a4 b4 8.Nb1 g6
9.Nbd2 Bg7 10.Nc4 Qd8 11.Qd2 Nc6 12.Nce5 Nxe5 13.Nxe5 Nd5 14.Bh6 O-O 15.Bxg7 Kxg7
16.h4 f6 17.Nd3 Qd6 18.Be2 Bf5 19.Nc5 e5 20.O-O-O Rfe8 21.Rhe1 exd4 22.Qxd4 Nf4
23.Qxb4 Rab8 24.Rxd6 Rxb4 25.Rd2 Re5 26.Nb3 Nxg2 27.Rh1 h5 28.a5 Be6 29.Bxa6 Bxb3
30.cxb3 Rxa5 31.Bf1 Nxh4 32.Rc2 Ra1+ 33.Kd2 Rf4 34.Rc4 Rxf2+ 35.Kd3 Nf3 36.Ke3 Rfxf1
37.Rxf1 Rxf1 38.Ke2 Nh2 39.Rh4 Rb1 40.Kd2 Rxb2+ 41.Kc3 Re2 42.b4 Ng4 43.b5  0-1

[Event "ch-UKR"]
[Site "Simferopol UKR"]
[Date "2003.11.11"]
[Round "8"]
[White "Efimenko,Z"]
[Black "Sergeev,Vl"]
[Result "1-0"]
[WhiteElo "2547"]
[BlackElo "2447"]

1.e4 d5 2.exd5 Qxd5 3.Nc3 Qd6 4.d4 Nf6 5.Bd3 c6 6.Nge2 Bg4 7.f3 Bh5 8.Bf4 Qd8
9.Qd2 e6 10.Ne4 Nd5 11.O-O-O Bg6 12.Be5 Nb4 13.Bc4 a5 14.Nf4 Bxe4 15.fxe4 Nd7
16.Qe2 Nxe5 17.dxe5 Qg5 18.Rhf1 Be7 19.Kb1 Qxe5 20.a3 Na6 21.Nd3 Qg5 22.h4 Qg3
23.Rf4 Nc5 24.Rg4 Qc7 25.Nxc5 Bxc5 26.Rxg7 Qe5 27.Rg5 f5 28.Qh5+ Ke7 29.Rxf5  1-0

[Event "British Rapidplay"]
[Site "Halifax ENG"]
[Date "2003.11.15"]
[Round "6"]
[White "Haslinger,S"]
[Black "Hanley,C"]
[Result "0-1"]
[WhiteElo "2410"]
[BlackElo "2322"]

1.e4 d5 2.exd5 Qxd5 3.Nc3 Qd6 4.d4 Nf6 5.Be3 a6 6.Qd2 b5 7.Bd3 Bb7 8.f3 Nbd7
9.Nge2 e6 10.O-O c5 11.Rad1 Be7 12.dxc5 Qc7 13.b4 O-O 14.Nd4 Rfd8 15.Qf2 Ne5
16.Be2 Nd5 17.Nxd5 Bxd5 18.Nb3 Nc4 19.Bd4 e5 20.Bc3 a5 21.Rxd5 Rxd5 22.Bxc4 bxc4
23.Nxa5 Rxa5 24.Qe2 Ra8 25.Qxc4 Rad8 26.a4 Bxc5+ 27.Kh1 Bb6 28.Qxc7 Bxc7
29.a5 Bb8  0-1

[Event "Bundesliga 2003-4"]
[Site "Koelln GER"]
[Date "2003.11.23"]
[Round "4"]
[White "Scholz,C"]
[Black "Muse,D"]
[Result "1-0"]
[WhiteElo "2392"]
[BlackElo "2443"]

1.e4 d5 2.exd5 Qxd5 3.Nc3 Qd6 4.d4 a6 5.h3 Nf6 6.Nf3 b5 7.Bd3 Bb7 8.Qe2 e6
9.Bg5 Be7 10.O-O-O Nbd7 11.Rhe1 b4 12.Ne4 Qd5 13.Bxf6 gxf6 14.Kb1 Qa5 15.Bc4 O-O-O
16.Nfd2 f5 17.Nb3 Qb6 18.Nec5 Nxc5 19.dxc5 Bxc5 20.Nxc5 Qxc5 21.Bxa6 Rd6
22.Rxd6 Qxd6 23.Bxb7+ Kxb7 24.Rd1 Qc6 25.Rd4 Qxg2 26.Rxb4+ Kc8 27.a4 Qh1+
28.Ka2 Qd5+ 29.b3 Rd8 30.Rc4 f6 31.Rc3 Rd6 32.Qh5 Rc6 33.Rxc6 Qxc6 34.Kb2 Qd7
35.Qh4 Qe7 36.Qc4 Qd6 37.b4 Qe5+ 38.Kb3 Qe1 39.a5 Kd7 40.Qd4+ Ke7 41.Qc5+ Kd7
42.Qd4+ Ke7 43.a6 Qb1+ 44.Qb2 Qh1 45.Qc3 Kd7 46.f3 Qb1+ 47.Ka3 Qc1+ 48.Ka4 Qb1
49.Kb5 Qa2 50.Qc6+ Kd8 51.c4 Qf2 52.Qxe6 f4 53.Qxf6+ Kd7 54.Qf5+  1-0

[Event "Open Bali A"]
[Site "Benidorm ESP"]
[Date "2003.11.26"]
[Round "7"]
[White "Fernandez de Pablo,M"]
[Black "Vinas Guerrero,C"]
[Result "1/2-1/2"]
[WhiteElo "2209"]
[BlackElo "2098"]

1.e4 d5 2.exd5 Qxd5 3.Nc3 Qd6 4.d4 Nf6 5.Bc4 Nc6 6.Nge2 e5 7.d5 Na5 8.Bb5+ c6
9.dxc6 Qxd1+ 10.Nxd1 Nxc6 11.O-O Be6 12.Bg5 Be7 13.Ng3 h6 14.Bxf6 Bxf6 15.Nh5 O-O-O
16.Bxc6 bxc6 17.Ne3 Rhg8 18.Nxf6 gxf6 19.Rfd1 f5 20.f3 f4 21.Nf1 Kc7 22.b3 Bh3
23.Ng3 fxg3 24.gxh3 gxh2+ 25.Kxh2 f5 26.Rxd8 Rxd8 27.Rg1 Rd2+ 28.Rg2 Rxg2+
29.Kxg2 Kd6 30.Kf2 Kd5 31.Ke3 Kc5 32.a3 a6 33.Kd3 a5 34.c3 Kb5 35.c4+ Kc5
36.Kc3 Kb6 37.b4 axb4+ 38.axb4 Ka6 39.Kd3 Kb6 40.Ke3 Kc7 41.Kd3 Kb6 42.Ke3 Kc7
43.Kf2 Kb6 44.Kg3 Kc7 45.Kf2 Kb6 46.Ke2 Kb7 47.Kd3  1/2-1/2

[Event "VIII Mirko Srajber Mem"]
[Site "Subotica SCG"]
[Date "2003.11.28"]
[Round "1"]
[White "Sedlak,N"]
[Black "Benkovic,P"]
[Result "1/2-1/2"]
[WhiteElo "2543"]
[BlackElo "2463"]

1.e4 d5 2.exd5 Qxd5 3.Nc3 Qd6 4.d4 Nf6 5.Nf3 c6 6.Ne5 Nbd7 7.Bf4 Nd5 8.Nxd7 Qxd7
9.Be5 Nxc3 10.bxc3 Qd5 11.f3 Bf5 12.Bd3 Bxd3 13.Qxd3 f6 14.Bg3 Rd8 15.O-O Kf7
16.f4 g6 17.f5 c5 18.Rad1 Bh6 19.Qe2 cxd4 20.Rxd4 Qc5 21.Qe6+ Kg7 22.Bd6 Rxd6
23.Qxe7+ Kg8 24.Qxd6 Be3+ 25.Kh1 Bxd4 26.Qe6+ Kg7 27.Qd7+ Kh6 28.cxd4 Qxc2
29.fxg6 hxg6 30.Qe7 f5 31.Qe3+ Kg7 32.Qe5+ Kh7 33.Re1 Rf8 34.Qd6 Rf7 35.Qe6 Kg7
36.Qe5+ Kh7 37.a3 Qc3 38.h4 Qxa3 39.h5 gxh5 40.d5 h4 41.Re3 Qc1+ 42.Kh2 Qc4
43.d6 Kg6 44.Qe8 Qf4+ 45.Kg1 Qd4 46.Qg8+ Kh6 47.Qe8 f4 48.Qxf7 fxe3 49.Qe6+ Kg5
50.Qe7+ Kf5 51.Qf7+ Kg5 52.Qe7+ Kf5 53.Qf7+ Ke4 54.Qxb7+ Kd3 55.Qb3+ Kd2
56.Qa2+ Kd1 57.Qb1+ Ke2 58.Qc2+ Ke1 59.Qc1+ Ke2 60.Qc2+ Qd2 61.Qc4+ Kd1 62.Qa4+ Kc1
63.Qc4+ Kd1 64.Qa4+ Kc1 65.Qc4+ Kd1  1/2-1/2

[Event "TCh-SWE 2003-4"]
[Site "Malmo SWE"]
[Date "2003.11.29"]
[Round "4"]
[White "Hall,Je"]
[Black "Gausel,E"]
[Result "1/2-1/2"]
[WhiteElo "2487"]
[BlackElo "2525"]

1.e4 d5 2.exd5 Qxd5 3.Nc3 Qd6 4.d4 c6 5.Bc4 Nf6 6.Nge2 Bf5 7.Bf4 Qb4 8.Bb3 e6
9.Qd2 Nbd7 10.f3 O-O-O 11.a3 Qa5 12.O-O e5 13.Bg3 Bg6 14.Rad1 exd4 15.Nxd4 Bc5
16.Kh1 Bb6 17.Ba2 Nh5 18.Bd6 Ndf6 19.b4 Qxa3 20.Ne6 Rxd6 21.Qxd6 Qxc3 22.g4 Nxg4
23.Qd7+ Kb8 24.Qd6+ Kc8 25.Qd7+ Kb8 26.Qd6+ Kc8 27.Qd7+  1/2-1/2

[Event "22nd SEA Games Team Rapid"]
[Site "Ho Chi Minh City VIE"]
[Date "2003.12.05"]
[Round "2.2"]
[White "Zaw Win Lay"]
[Black "Goh Koon Jong,J"]
[Result "1/2-1/2"]
[WhiteElo "2497"]
[BlackElo "2314"]

1.e4 d5 2.exd5 Qxd5 3.Nc3 Qd6 4.d4 Nf6 5.Nf3 a6 6.Be2 Nc6 7.h3 Bf5 8.Be3 O-O-O
9.O-O e5 10.dxe5 Nxe5 11.Qc1 Be7 12.Nd4 Be6 13.Rd1 Ng6 14.Nf5 Qe5 15.Nxe7+ Nxe7
16.Re1 Qd6 17.Bf3 Ned5 18.Nxd5 Bxd5 19.Bxd5 Nxd5 20.Bd2 Rhe8 21.Rxe8 Rxe8
22.c4 Nf6 23.Be3 Nd7 24.Qc3 Ne5 25.Bd4 c5 26.Be3 f6 27.a3 Kb8 28.b4 cxb4
29.axb4 Qd3 30.Qxd3 Nxd3 31.b5 Re6 32.bxa6 Rxa6 33.Rd1 Ne5 34.Rd8+ Kc7 35.Rg8 Nxc4
36.Bf4+ Kc6 37.Rxg7 b5 38.Rxh7 b4 39.Re7 Kb5 40.Rb7+ Rb6 41.Rxb6+ Kxb6 42.Kf1 b3
43.Bc1 b2 44.Bxb2 Nxb2 45.h4  1/2-1/2

[Event "TCh-CZE Extraliga 2003-4"]
[Site "Czech Rep CZE"]
[Date "2003.12.06"]
[Round "3"]
[White "Rasik,V"]
[Black "Jirovsky,Pa"]
[Result "1/2-1/2"]
[WhiteElo "2461"]
[BlackElo "2400"]

1.e4 d5 2.exd5 Qxd5 3.Nc3 Qd6 4.d4 Nf6 5.Nf3 a6 6.Ne5 Nc6 7.Nxc6 Qxc6 8.Bf4 e6
9.Be2 Bb4 10.O-O Bxc3 11.bxc3 Nd5 12.Bf3 Qxc3 13.Bxd5 exd5 14.Re1+ Be6 15.Rb1 Qc6
16.Re3 O-O  1/2-1/2